| 000 | 01800nam0a22003011 4500 | ||
|---|---|---|---|
| 001 | rc\4025075 | ||
| 005 | 20260407103702.0 | ||
| 021 |
_aRU _b[50-18639] |
||
| 035 | _a(NLR Aleph) 008088775 | ||
| 090 |
_a9170060 _c9170060 |
||
| 100 | _a20130415d1950 |||y0rusy50 ca | ||
| 101 | 0 | _arus | |
| 102 | _aRU | ||
| 105 | _ay z ||||| | ||
| 200 | 1 |
_aСтенограммы Всесоюзного семинара методистов изобразительного искусства домов народного творчества. (Октябрь 1949 г.) _fКом. по делам искусств при Совете министров СССР. Всесоюз. дом нар. творчества им. Н.К. Крупской |
|
| 210 |
_aМосква _cСтеклогр. Комбината муз.-производ. предприятий М/О Музфонда СССР _d1950 |
||
| 215 |
_a53 с. _d28 |
||
| 300 | _aСтеклогр. изд. | ||
| 606 |
_aИскусствоведение _xНаучно-исследовательская работа _2psbo |
||
| 606 |
_aДома народного творчества _xНаучно-исследовательская работа _2psbo |
||
| 606 |
_aИзобразительное искусство, самодеятельное _xИзучение _2psbo |
||
| 710 | 1 | 2 | _aВсесоюзный семинар методистов изобразительного искусства домов народного творчества (1949; Москва) |
| 712 | 0 | 2 |
_aЦентральный дом народного творчества им. Н. К. Крупской _cМосква _9360757 _3RU\NLR\AUTH\889932746 |
| 801 | 0 |
_aRU _bNLR _gpsbo |
|
| 801 | 1 |
_aRU _bELAR _2rusmarc |
|
| 852 |
_aNLR _jИс30 Г-8/30 |
||
| 942 | _cBOOK | ||
| 980 | _aNB | ||